000 00663nam a2200265Ia 4500
005 20260121164942.0
008 008 260114s9999 xx 000 0 eng d
020 _a9783642303043
037 _aEBOOK
040 _aCRL
040 _beng
040 _cCRL
041 _2eng
041 _aeng
084 _qCRL
100 _aRudolf Kippenhahn, Alfred Weigert, Achim Weiss
_91045691
245 0 _aStellar Structure and Evolution
260 _bSpringer
260 _bSpringer
260 _c2012
856 _uhttps://link.springer.com/openurl?genre=book&isbn=978-3-642-30304-3
942 _cEBOOK
999 _c1611414
_d1611414